Panduan 'Umrah dan pengalaman berpuasa ramadhan di tanah suci

Bibliographic Details
Other Authors: Hafiz Ridhuan Hj. Md. Daud
Format: Book
Published: Selangor : Synergymate Sdn.Bhd. , 2000
Subjects:

MARC

LEADER 00000cam a2200000 7i4500
001 0000024827
005 20090120.0
008 090120
020 |a 9830661415 
090 0 0 |a 297.352   |b PAN 
245 1 0 |a Panduan 'Umrah dan pengalaman berpuasa ramadhan di tanah suci   |c Disusun oleh Hafiz Ridhuan Hj. Md. Daud 
260 |a Selangor :   |b Synergymate Sdn.Bhd. ,   |c 2000 
650 0 |a Islamic shrines 
650 0 |a Muslim pilgrims and pilgrimages   |z Saudi Arabia   |z Mecca 
700 1 |a Hafiz Ridhuan Hj. Md. Daud 
999 |a 0001039466   |b Book   |c Adult Collection   |e Perbadanan Perpustakaan Awam Johor